Blackwood Tales from the Outposts / (Record no. 186872)

000 -LEADER
fixed length control field 00716 a2200157 4500
003 - CONTROL NUMBER IDENTIFIER
control field Nust
005 - DATE AND TIME OF LATEST TRANSACTION
control field 20230120101038.0
040 ## - CATALOGING SOURCE
Transcribing agency Nust
082 ## - DEWEY DECIMAL CLASSIFICATION NUMBER
Classification number 808.83,BLA
245 ## - TITLE STATEMENT
Title Blackwood Tales from the Outposts /
Statement of responsibility, etc. Frontiers of Empire
260 ## - PUBLICATION, DISTRIBUTION, ETC.
Place of publication, distribution, etc. London
Name of publisher, distributor, etc. William Blackwood
Date of publication, distribution, etc. 1933
300 ## - PHYSICAL DESCRIPTION
Extent 285:p
505 ## - FORMATTED CONTENTS NOTE
Formatted contents note A Country Postman (Page-1), A Footnote (Page-21), A Quiet Day in Tibet (Page-67), The People of the Camel (Page-77), Fantasia (Page-99), A Border Affair (Page-117), Tales of the Maddan (Page-157), Living on the top of the World (Page-195), Echoes form the Marshes (Page-209), Echoes from the Marshes (Page-233), The Silver hand of Alexander (Page-257).
650 ## - SUBJECT ADDED ENTRY--TOPICAL TERM
Topical term or geographic name entry element Novel
9 (RLIN) 2525
942 ## - ADDED ENTRY ELEMENTS (KOHA)
Source of classification or shelving scheme
Koha item type Book
Holdings
Withdrawn status Lost status Source of classification or shelving scheme Damaged status Not for loan Permanent Location Current Location Shelving location Date acquired Full call number Barcode Date last seen Price effective from Koha item type Public note
          Military College of Signals (MCS) Military College of Signals (MCS) General Stacks 12/12/2016 808.83,BLA MCS29023 12/08/2016 12/12/2016 Book Almirah No.56, Shelf No.4
© 2023 Central Library, National University of Sciences and Technology. All Rights Reserved.